Science Quiz

Random Science or Math Quiz

Solution Sequence Blitz Quiz Stats

 Plays Quiz Updated Feb 21, 2017

Support Sporcle.
Go Orange.
Score 0/60 Timer 01:00
1 Play Today
Problem Solution % Correct
????
100%
????
98.2%
????
97.7%
????
97.2%
????
96.9%
????
96.6%
????
96.4%
????
96.1%
????
96%
????
95.8%
????
95.4%
????
95.2%
????
95%
????
94.7%
????
94.5%
????
94.2%
????
93.8%
????
93.4%
????
93%
????
92.5%
????
91.6%
????
91%
????
90.2%
????
89.4%
????
88.4%
????
87.3%
????
85.7%
????
83.8%
????
81.8%
????
78.9%
Problem Solution % Correct
????
75.6%
????
72.9%
????
69.5%
????
66.6%
????
63.3%
????
60.1%
????
55.8%
????
51.3%
????
46.2%
????
42.4%
????
38.4%
????
33.6%
????
30.4%
????
26.8%
????
23.7%
????
20.9%
????
18.5%
????
15.9%
????
13.7%
????
11.7%
????
9.9%
????
8.3%
????
7%
????
6.1%
????
5.4%
????
4.6%
????
3.9%
????
3.3%
????
2.7%
????
2.1%

You're not logged in!

Compare scores with friends on all Sporcle quizzes.
OR
Log In
Forgot?

From the Vault

Riverdale or Pretty Little Liars?

by Sssophie

No matter what show they're on, they're all liars.
Remove Ads.
Support Sporcle.
Get the best of Sporcle when you Go Orange. This ad-free experience offers more features, more stats, and more fun while also helping to support Sporcle. Thank you for becoming a member.

Show Comments

Extras

Top Quizzes Today


Score Distribution

Your Account Isn't Verified!

In order to create a playlist on Sporcle, you need to verify the email address you used during registration. Go to your Sporcle Settings to finish the process.

Report this User

Report this user for behavior that violates our Community Guidelines.

Details: